000 00519cam a22002171 4500
001 sa 68011637
003 DLC
005 20260227112603.0
008 900105s1968 ii 000 0 urdr
010 _asa 68011637
035 _a(OCoLC)20851244
040 _aDLC
_cWaU
_dDLC
042 _apremarc
050 0 0 _aPK2199.S7
_bZ53 1968
100 0 _aPremacanda,
_d1881-1936.
245 1 0 _aPrem Cand ke khutˤutˤ.
260 _c[1968]
300 _a390 p.
_c19 cm.
500 _aIn Urdu.
700 1 _aGopal, Madan.
999 _c84024
_d84024